Quick Pick: Books of the Book of Mormon Quiz Stats

 Plays Quiz not verified by Sporcle

Score 0/15 Timer 00:30
0 Plays Today
% Correct
2 Nephi
86.2%
1 Nephi
85.1%
3 Nephi
83.6%
4 Nephi
79.5%
Alma
77.4%
Words of Mormon
76.9%
Mormon
75.4%
Moroni
75.4%
% Correct
Mosiah
72.3%
Helaman
71.3%
Ether
70.8%
Enos
70.3%
Omni
67.7%
Jacob
66.7%
Jarom
61.5%

You're not logged in!

Compare scores with friends on all Sporcle quizzes.
OR
Log In

Sporcle TV

Today on Sporcle TV


Watch our educational content, quiz creation guides, and fun videos on Sporcle TV.

Show Comments

Extras

Top Quizzes Today


Score Distribution

Your Account Isn't Verified!

In order to create a playlist on Sporcle, you need to verify the email address you used during registration. Go to your Sporcle Settings to finish the process.

Report this User

Report this user for behavior that violates our Community Guidelines.

Details: